| 000 | 01389nam a2200241Ia 4500 | ||
|---|---|---|---|
| 999 |
_c38006 _d38006 |
||
| 001 | 3990 | ||
| 003 | GE_BSU | ||
| 005 | 20190906172558.0 | ||
| 008 | 181216s1978||||ge |||||||||||||| ||geo|| | ||
| 040 | _cGE_BSU | ||
| 041 | _ageo | ||
| 080 | _a316.653+316.42 ს–17 | ||
| 245 |
_aსაზოგადოებრივი აზრი და სოციალური განვითარების კონკრეტული შესწავლა / _cრედ. მ. გეგეშიძე ; ივ. ჯავახიშვილის სახ. ისტორიის, არქეოლოგიისა და ეთნოგრაფიის ინ–ტი |
||
| 264 |
_aთბ. : _bმეცნიერება, _c1978. |
||
| 300 |
_a186 გვ.; _b20 სმ. |
||
| 653 | _aსაზოგადოებრივი აზრი | ||
| 653 | _aსოციალური განვითარება | ||
| 700 |
_aბექაია, მ. _eავტორი _93924 |
||
| 700 |
_aგეგეშიძე, მ. _eავტორი _93925 |
||
| 700 |
_aკაცაძე, ა. და სხვ. _eავტორი _93926 |
||
| 710 |
_aივ. ჯავახიშვილის სახ. ისტორიის, არქეოლოგიისა და ეთნოგრაფიის ინ-ტი _91177 |
||
| 942 |
_cBK _2udc |
||